000 00387nam a22001457a 4500
005 20160309064050.0
008 110210s2012 nyuab b 001 0 eng d
020 _a9780071754217
020 _a0071754210
041 _aeng
080 _a94
_x(4)
245 1 0 _aEuropean history demystified /
_cStephanie Muntone.
504 _aPƫrfshin Bibliografin dhe indeksin f.319-336
942 _2udc
_cBK
999 _c427
_d427